|
|
|
|
| LEADER |
01121naa a2200253 i 4500 |
| 001 |
acta89768 |
| 005 |
20260303121645.0 |
| 008 |
260303s2025 hu o 100 eng d |
| 020 |
|
|
|a 978-963-688-044-6
|
| 040 |
|
|
|a SZTE Egyetemi Kiadványok Repozitórium
|b hun
|
| 041 |
|
|
|a eng
|
| 100 |
1 |
|
|a Jakab Péter
|
| 245 |
1 |
0 |
|a Results of foliar fertilization applications in maize
|h [elektronikus dokumentum] :
|b [abstract] /
|c Jakab Péter
|
| 260 |
|
|
|a Szegedi Tudományegyetem Mezőgazdasági Kar
|b Hódmezővásárhely
|c 2025
|
| 300 |
|
|
|a 43
|
| 490 |
0 |
|
|a Wellmann International Scientific Conference
|v 22
|
| 650 |
|
4 |
|a Mezőgazdaság-tudományok
|
| 650 |
|
4 |
|a Mezőgazdaság, erdészet, halászat
|
| 695 |
|
|
|a Trágyázás hatása - kukoricatermesztés - előadáskivonat, Növénytermesztés - kukorica - előadáskivonat
|
| 700 |
0 |
1 |
|a Csontos Györgyi
|e aut
|
| 700 |
0 |
1 |
|a Csőke Norbert
|e aut
|
| 700 |
0 |
1 |
|a Tar Melinda
|e aut
|
| 711 |
|
|
|a 22th Wellmann International Scientific Conference
|c Hódmezővásárhely
|d 2025. május 15.
|
| 856 |
4 |
0 |
|u http://acta.bibl.u-szeged.hu/89768/1/wellmann_abstracts_2025_043.pdf
|z Dokumentum-elérés
|